Albums by Cover Art - East Coast Hip-Hop - Statistics

General Stats
  • This quiz has been taken 296 times
  • The average score is 12 of 20
Answer Stats
Picture Answer % Correct
50 Cent - The Massacre
90%
The Notorious B.I.G. - Ready to Die
90%
MF DOOM - MM...FOOD
83%
Wu-Tang Clan - Enter the Wu-Tang (36 Chamber)
82%
Cardi B - Invasion of Privacy
79%
Nas - Stillmatic
77%
Jay-Z - Reasonable Doubt
72%
A Tribe Called Quest - The Low End Theory
68%
A$AP Rocky - At.Long.Last.A$AP
66%
Lil Uzi Vert - Luv Is Rage 2
63%
Mobb Deep - The Infamous
58%
Mos Def - Black on Both Sides
58%
DMX - It's Dark and Hell is Hot
54%
Nicki Minaj - The Pinkprint
49%
Public Enemy - It Takes a Nation of Millions to Hold Us Back
49%
Erik B. & Rakim - Paid in Full
43%
Beastie Boys - Paul's Boutique
38%
L.L. Cool J - Mama Said Knock You Out
38%
Joey Bada$$ - ALL-AMERIKKKAN BADA$$
37%
Run-D.M.C.- Raising Hell
36%
No matching quizzes found
Score Distribution
Percent of People with Each Score
Percentile by Number Answered
Your Score History
You have not taken this quiz